Quizzes
Events
Quiz Creation
Community
Videos
Private Events
Remove Ads
Sign In
Join for FREE
Feedback
Dark Mode
Quiz Categories
Sports
Geography
Music
Movies
Television
Just For Fun
Miscellaneous
History
Literature
Language
Science
Gaming
Entertainment
Religion
Holiday
For Kids
Quiz Lab
Recent
Popular Today
Quiz Kudos Today
Editor Picks
Curator Picks
Quizzes by...
Day
Popularity
Type
Ratings
Length
Year
Community
Subscriptions
Recent Discussions
Orange Saloon
Badges
Playlists
Quests
Create
Leaderboards
Showdown
Live 5
Trivia Bingo
Activity
Puzzle Library
Sporcle Events
Private Events
Virtual Trivia
Globe League
Become a Host
Pub Owners
SporcleCon
Opinionation
Our Games
Videos
Blog
Mobile Apps
Partnerships
Remove Ads and Go Orange
Feedback
Music
Pop Music
The Beatles
Song
Album
Lyrics
Bands
Singers
Artist
Clip
Rock
Rap
Classical
Billboard
Country Music
Kpop
Taylor Swift
Music
Pop Music
The Beatles
Song
Album
Lyrics
Bands
Singers
Artist
Clip
Rock
Rap
Classical
Billboard
Country Music
Kpop
Taylor Swift
Random Quiz
Search Sporcle
×
Quiz Lab
Quiz Lab
Music
Artist
Type in answers that appear in a list
Type in answers that appear in a list
Classic
Best Score? Go Orange.
Monstercat Vocalists/Instrumentalists (2016) Stats
Can you name the Monstercat Vocalists/Instrumentalists (2016)?
By
herocreeper1
12m
57 Questions
11 Plays
11 Plays
11 Plays
Comments
Comments
Give Quiz Kudos
Give Quiz Kudos
-
- Ratings
hide this ad
Replay
Link that replays current quiz
Next Quiz
Link to next quiz in quiz playlist
You Got
0%
They Got
Avg Score
66%
Avg Friend Score
Upgrade to see
Score Distribution
Jump to the score distribution portion of the page
Score
0/57
Timer
12:00
0
Plays Today
Track Title
Artist
% Correct
Ephixa x Stephen Walking -
Matches /
Hellberg -
Synchronize /
Hellberg -
Synchronize VIP /
Puppet -
To Be Alive
Aaron Richards
100%
Draper -
All I See /
Feint -
Words
Laura Brehm
90.9%
Aero Chord x Fractal -
Until The End /
Eminence -
Hollow Mind /
Eminence x Supermans Feinde -
Night Goes On /
Glacier -
Dancing By Myself /
Summer Was Fun -
Hold On
Q'AILA
90.9%
NERVO -
Anywhere You Go
Timmy Trumpet
90.9%
Eminence x Alex Klingle -
Altitude /
Hyper Potions -
Unbreakable /
Trivecta -
Into the Limelight /
Tut Tut Child -
Autonomy
Danyka Nadeau
90.9%
Muzzy -
Crescendo
MYLK
90.9%
Stonebank -
Be Alright /
Stonebank -
Lift You Up
EMEL
90.9%
Pegboard Nerds x NGHTMRE -
Superstar
Krewella
90.9%
Eminence -
Here /
Mr FijiWiji -
Hostage /
Rameses B -
Neon Rainbow
Anna Yvette
90.9%
San Holo -
They Just Haven't Seen It
The Nicholas
85.7%
Puppet x CormaK -
Enough is Enough /
Puppet x MURTAGH -
Killing Giants
Richard Caddock
81.8%
Grant -
Wake Up
Juneau
81.8%
Stonebank -
The Only One
Ben Clark
81.8%
Karma Fields -
Build the Cities
Kerli
81.8%
Rich Edwards -
For You
Park Avenue
81.8%
Rich Edwards -
Where I'll Be Waiting /
Rich Edwards -
Where I'll Be Waiting VIP /
Vicetone -
Nevada
Cozi Zuehlsdorff
81.8%
WRLD -
Awake
Colordrive
81.8%
Tut Tut Child -
Fell Down
Holly Drummond
81.8%
Tut Tut Child -
Queen of Your Heart /
Tut Tut Child -
You Hide
Augustus Ghost
81.8%
Trivecta -
The Vale
Miyoki
81.8%
Stonebank -
Back to Start
Dylan Dunlap
72.7%
Project 46 -
Signs
Shantee
72.7%
Eminence -
Ghost /
Rameses B -
Darkest Place
Aloma Steele
72.7%
Loosid -
Clouds /
Loosid -
Talisman
Raycee Jones
72.7%
LVTHER -
Some Kind of Magic
MYZICA
72.7%
WRLD -
Drowning
Ehiorobo
72.7%
Razihel -
Legends (Remixes)
TeamMate
72.7%
Pegboard Nerds -
Downhearted (Remixes)
Jonny Rose
72.7%
ARUNA x Rameses B -
Ready to Go
KINGDØMS
63.6%
Track Title
Artist
% Correct
Karma Fields -
Greatness
Talib Kweli
63.6%
Draper -
Ready for Us
Sykes
63.6%
Conro -
City Lights
ROYAL
63.6%
Unlike Pluto -
Waiting for You
Joanna Jones
63.6%
Hush -
Fopspeen (Bound 2 U)
All About She
63.6%
Rezonate -
X-
Ray
Jhyve
63.6%
Unlike Pluto -
Someone New
Desi Valentine
54.5%
SMLE -
Halo
Helen Tess
54.5%
Anevo -
Don't Shoot Me Down
Jae-Mi
54.5%
Loosid -
Talisman
Lyon Hart
54.5%
Unlike Pluto -
Searching for You
Karra
54.5%
Muzzy -
Play
UK:ID
54.5%
Pegboard Nerds -
Heartbit
Tia Simone
54.5%
Snavs -
Into the Wild
Sebastian Lind
54.5%
Pegboard Nerds -
Just Like That (Remixes)
Jonny Graves
54.5%
Anevo -
Feel Something
Kayla Diamond
45.5%
Karma Fields x MORTEN -
Stickup
Juliette Lewis
45.5%
Project 46 -
Stars
Haley
45.5%
Unlike Pluto -
Found You
Michelle Buzz
45.5%
Anevo -
Electric Heart
Ameria
45.5%
Unlike Pluto -
Searching for You
Eric Zayne
45.5%
Varien -
Sacred Woods
Skyelle
45.5%
Tut Tut Child -
Talking of Axes
Jim Davies
45.5%
Pegboard Nerds -
Pink Cloud (Remixes)
Max Collins
45.5%
Karma Fields -
Scandal
C.C. Sheffield
36.4%
Karma Fields -
Faint Echoes
Monarchy
36.4%
Mr FijiWiji -
Surrounded
Lucas Marx
36.4%
Tut Tut Child -
Just A Dream
Tasha Baxter
36.4%
Quiz Playlist
Details
Report
Send in Message
Add To Playlist
Classic:
Type in answers that appear in a list
Last Updated: Aug 5, 2019
Quiz Scoreboard
CHALLENGE
Sign Up to Join the Scoreboard
Show All
Scores
Hide
Comments
May contain spoilers
Recently Published
Billboard Blitz: Fleetwood Mac
by CooCooCachoo
Music
15s
Presidents Visiting Landmarks
by Hejman
History
7m
An Introduction to Baseball
by treessimontrees
Sports
5m
More to Explore
Quiz From the Vault
Featured Blog Post
Where Did the Easter Bunny Come From?
hide this ad
You Might Also Like...
Tags
Artist Quiz
2016
Monstercat
track
Vocalists
Today's Top Quizzes in Music
Browse Music
hide this ad
Today's Top Quizzes in Artist
Browse Artist
Top Contributed Quizzes in Music
1
Taylor Swift All Songs (2024)
2
Guess the Artist- 70s Songs
3
7-to-1: Billboard Hot 100 #1 Hits of 2010s
4
Sorting Albums and Songs
5
Taylor Swift Logic Puzzle
6
KPOP LOGIC QUIZ
7
2010s Album by Cover III
8
One Thing in Common: Music
9
Guess the Taylor Swift song (Mystery Song)
10
Guess The Taylor Swift Lyrics Song #1
Explore More
Trending Topics
Disney
NBA
Anime
Crossword
Marvel
Kpop
Harry Potter
WWE
Pokémon
Puzzle
Song
Country
NFL
Soccer
The Office
hide this ad
More By:
herocreeper1
Quiz
Plays
Rating
Category
Featured
Created
Monstercat Artists (2018)
200
Music
Jan 30, 2018
Monstercat Artists (2019)
163
Music
Feb 11, 2019
Monstercat Artists (2017)
93
Music
Jan 28, 2018
Monstercat Artists (2016)
61
Music
Jan 30, 2018
Monstercat Artists (2015)
56
Music
Jan 30, 2018
Go to Creator's Profile
Score Distribution
Quiz Creator Spotlight
herocreeper1
Follow
Send a Message
Quizzes Created
-
Created Quiz Play Count
-
More By This Creator
Popular Quizzes Today
1
Find the US States - No Outlines Minefield
2
Find the Countries of Europe - No Outlines Minefield
3
The Countries of the World
4
Find the US States
5
US States
6
Popular People in 1961
7
Risky Map Clicking: Biggest States A-Z
8
Movies - When Are They Set?
More Music Quizzes
Key Signature Grid Blitz
Editor's Pick
Trending Quizzes
Risky Map Clicking: Least Populous States A-Z
1-10 Letter G Words
1-10 Letter F Words
Risky Map Clicking: Next State Alphabetically
Risky Map Clicking: Biggest States A-Z
Recently Updated
Leaping Animals
pecheneg
Reality TV Shows (A-Z)
bhenderson79
Rickey Henderson's Hall of Fame Teammates
pecheneg
Champions League XIs: Arsenal
pecheneg
Quick Pick: Celebrities in WWE's Hall of Fame
aduchscher
A-Z Keypad Blitz II
pecheneg
Multiple Oscar Actors
pecheneg
Mystery Phrase Blitz: Oscar 'Best Actors'
pecheneg
F. Scott Fitzgerald Novels
LTH
Pick 3 Villains
ddd62291
Trending Topics
Harry Potter
Kpop
NBA
Crossword
Disney
Marvel
Anime
Pokémon
Puzzle
Song
The Office
Soccer
NFL
Country
WWE
Your Account Isn't Verified!
In order to create a playlist on Sporcle, you need to verify the email address you used during registration. Go to your
Sporcle Settings
to finish the process.
Report this User
Report this user for behavior that violates our
Community Guidelines
.
Details:
Send Report
Go to the Sporcle.com Mobile Site →
Comments